| 000 | 00703nam a2200121Ia 4500 | ||
|---|---|---|---|
| 008 | 220615s9999||||xx |||||||||||||| ||und|| | ||
| 100 | _aLancee, Bram | ||
| 245 | 0 |
_aImmigrant Performance in the Labour Market _bBonding and Bridging Social Capital |
|
| 546 | _aEnglish[eng] | ||
| 650 | _asociology||sociologie||Ethnic group||Germany||Labour economics||Netherlands||Occupational prestige||Social capital | ||
| 856 | _uhttps://library.oapen.org/bitstream/20.500.12657/34533/1/418150.pdf||https://library.oapen.org/bitstream/20.500.12657/34533/1/418150.pdf||https://library.oapen.org/bitstream/20.500.12657/34533/1/418150.pdf||https://library.oapen.org/bitstream/20.500.12657/34533/1/418150.pdf | ||
| 942 | _cEB | ||
| 999 |
_c17023 _d17023 |
||